| 000 -ლიდერი |
| ფიქსირებული სიგრძის საკონტროლო ველი |
01411nam a2200241Ia 4500 |
| 001 - საკონტროლო ნომერი |
| საკონტროლო ველი |
7443 |
| 003 - საკონტროლო ნომრის იდენტიფიკატორი |
| საკონტროლო ველი |
GE_BSU |
| 005 - ბოლო ოპერაციის თარიღი და დრო |
| საკონტროლო ველი |
20231218110319.0 |
| 008 - ფიქსირებული სიგრძის მონაცემთა ელემენტები - ზოგადი ინფორმაცია |
| ფიქსირებული სიგრძის საკონტროლო ველი |
181216s1971||||ge |||||||||||||| ||geo|| |
| 040 ## - კატალოგიზაციის წყარო |
| Transcribing agency |
GE_BSU |
| 041 ## - ენის კოდი |
| Language code of text/sound track or separate title |
geo |
| 080 ## - უნივერსალური ათობითი კლასიფიკაციის ინდექსი |
| Universal Decimal Classification number |
355.48(47+57)''1941-1945''(092)(479.22)+94(47+57)''1942-1944'' |
| 100 ## - მთავარი ჩანაწერი - პიროვნების სახელი |
| Personal name |
დობორჯგინიძე, კომანდო |
| 9 (RLIN) |
20768 |
| 245 ## - ცნობა სათაურის შესახებ |
| Title |
კავკასიონის მისადგომებთან / |
| Statement of responsibility, etc |
კომანდო დობორჯგინიძე ; სარედ. კოლეგია : ა. კოკილაშვილი, კ. ლორთქიფანიძე და სხვ. ; რედ. ვ. სიხარულიძე ; მხატვ. დ. ზარაფიშვილი. დ. ზარაფიშვილი |
| 264 ## - წარმოების, გამოცემის, დისტრიბუციის და სხვა ცნობები |
| გამოცემის, წარმოების, დისტრიბუციის... ადგილი |
თბილისი : |
| გამოცემის, წარმოების, დისტრიბუციის... სახელწოდება |
ნაკადული, |
| გამოცემის, წარმოების, დისტრიბუციის... თარიღი |
1971. |
| 300 ## - ფიზიკური აღწერა |
| Extent |
78 გვ. : |
| Other physical details |
ილ. ; |
| Dimensions |
20 სმ. |
| 653 ## - INDEX TERM--UNCONTROLLED |
| Uncontrolled term |
კავკასიის ბრძოლა |
| 653 ## - INDEX TERM--UNCONTROLLED |
| Uncontrolled term |
ქართველები დიდ სამამულო ომში |
| 653 ## - INDEX TERM--UNCONTROLLED |
| Uncontrolled term |
კავკასიონის მისადგომებთან |
| 700 ## - ADDED ENTRY--PERSONAL NAME |
| Personal name |
სიხარულიძე, ვ. |
| Relator term |
რედაქტორი |
| 9 (RLIN) |
20769 |
| 700 ## - ADDED ENTRY--PERSONAL NAME |
| Personal name |
ზარაფიშვილი, დ. |
| Relator term |
მხატვარი |
| 9 (RLIN) |
13812 |
| 942 ## - ADDED ENTRY ELEMENTS (KOHA) |
| Koha item type |
წიგნი |
| Source of classification or shelving scheme |
|